Об определении основных понятий в учебной литературе по химии; Материалы научно-практической конференции, посвященной 85-летию ХТФ (Томск, 21-23 мая 1985 г.)

מידע ביבליוגרפי
Parent link:Материалы научно-практической конференции, посвященной 85-летию ХТФ (Томск, 21-23 мая 1985 г.).— 1985.— С. 6-10
מחבר ראשי: Медвинский А. А. Аркадий Арнольдович
מחברים אחרים: Савельев Г. Г. Геннадий Гаврилович
סיכום:Деп. в ОНИИТЭХим г. Черкассы 21.08.85, № 863-ХП-85.
שפה:רוסית
יצא לאור: 1985
נושאים:
פורמט: MixedMaterials Book Chapter
KOHA link:https://koha.lib.tpu.ru/cgi-bin/koha/opac-detail.pl?biblionumber=594393

MARC

LEADER 00000naa0a2200000 4500
001 594393
005 20250206161402.0
029 0 0 |a SU  |b 863-ХП-85  |f ОНИИТЭХим 
035 |a (RuTPU)RU\TPU\tpu\9527 
035 |a RU\TPU\tpu\9526 
090 |a 594393 
100 |a 20020926d1985 k y0rusy50 ca 
101 0 |a rus 
102 |a RU 
200 1 |a Об определении основных понятий в учебной литературе по химии  |f А. А. Медвинский, Г. Г. Савельев 
300 |a Деп. в ОНИИТЭХим г. Черкассы 21.08.85, № 863-ХП-85. 
463 |t Материалы научно-практической конференции, посвященной 85-летию ХТФ (Томск, 21-23 мая 1985 г.)  |o секция фото- и радиационной химии твердых веществ  |v С. 6-10  |d 1985 
610 1 |a труды учёных ТПУ 
700 1 |a Медвинский  |b А. А.  |c кандидат химических наук  |f 1936-  |g Аркадий Арнольдович  |3 (RuTPU)RU\TPU\pers\3444 
701 1 |a Савельев  |b Г. Г.  |c доктор химических наук  |f 1938-  |g Геннадий Гаврилович  |3 (RuTPU)RU\TPU\pers\3555 
801 2 |a RU  |b 63413507  |c 20100210  |g PSBO 
942 |c BK